|
|
|
|
| LEADER |
00985cam a2200277 a 4500 |
| 001 |
c000215087 |
| 003 |
CARM |
| 005 |
20050810211904.0 |
| 008 |
880401s1949 enka 000 0 eng |
| 010 |
|
|
|a 49048831
|
| 019 |
1 |
|
|a 6125196
|5 LACONCORD2021
|
| 035 |
|
|
|a (OCoLC)3377487
|5 LACONCORD2021
|
| 040 |
|
|
|a OCLC
|b eng
|c OCLC
|d OCLC
|
| 042 |
|
|
|a premarc
|
| 050 |
|
4 |
|a TP690
|b .G56
|
| 082 |
0 |
4 |
|a 665.5
|
| 100 |
1 |
|
|a Goldstein, Richard Frank.
|
| 245 |
0 |
4 |
|a The petroleum chemicals industry. /
|c With a foreword by Sir Robert Robinson.
|
| 260 |
|
|
|a London, :
|b E. & F.N. Spon,
|c 1949.
|
| 300 |
|
|
|a xiii, 449 p. :
|b illus. ;
|c 26 cm.
|
| 490 |
0 |
|
|a Industrial chemistry series.
|
| 504 |
|
|
|a Bibliographical footnotes.
|
| 650 |
|
0 |
|a Petroleum products.
|
| 852 |
8 |
|
|b CARM
|h A2:AM27G0
|i C07964
|p 0253654
|f BK
|
| 999 |
f |
f |
|i f76128d5-88a8-5e79-bef2-209ee71929f4
|s 08b227ef-e43e-5940-9c54-9e43b86e45bb
|
| 952 |
f |
f |
|p Can circulate
|a CAVAL
|b CAVAL
|c CAVAL
|d CARM 1 Store
|e C07964
|f A2:AM27G0
|h Other scheme
|i book
|m 0253654
|